United States v. United shoe machinery corporation : An economic analysis of an Anti-Trust Case
Đã lưu trong:
| Tác giả chính: | |
|---|---|
| Định dạng: | Sách |
| Ngôn ngữ: | Undetermined |
| Được phát hành: |
Cambridge
Harvard University Press
1956
|
| Những chủ đề: | |
| Các nhãn: |
Thêm thẻ
Không có thẻ, Là người đầu tiên thẻ bản ghi này!
|
| Thư viện lưu trữ: | Trung tâm Học liệu Trường Đại học Cần Thơ |
|---|
| LEADER | 00569nam a2200193Ia 4500 | ||
|---|---|---|---|
| 001 | CTU_78797 | ||
| 008 | 210402s9999 xx 000 0 und d | ||
| 082 | |a 338.8 | ||
| 082 | |b K23 | ||
| 100 | |a Kaysen, Carl | ||
| 245 | 0 | |a United States v. United shoe machinery corporation : | |
| 245 | 3 | |b An economic analysis of an Anti-Trust Case | |
| 245 | 0 | |c Carl Kaysen | |
| 260 | |a Cambridge | ||
| 260 | |b Harvard University Press | ||
| 260 | |c 1956 | ||
| 650 | |a Shoe machinery industry | ||
| 650 | |z United States | ||
| 980 | |a Trung tâm Học liệu Trường Đại học Cần Thơ | ||